000 00496nam a2200193Ia 4500
003 OSt
005 20260624151417.0
008 210423s2011 xx 000 0 und d
020 _a9788126147144
040 _cAL
082 _a581.1 HUSE
_223
100 _aHUSSAIN (G Jahir).
_9102199
245 _aElements of plant physiology.
260 _aNew Delhi
_bAnmol Publications
_c2011
300 _a280
_bPB
365 _b900
_cINR
906 _aElements ; physiology. ; plant
942 _2ddc
_cBK
999 _c164580
_d164580